000 00210nam a22000857a 4500
008 161125b xxu||||| |||| 00| 0 eng d
100 _91422
_aRosenberg.M.
245 _aWord Problems Grade-3
260 _aUSA
_bTCR
_c2011
999 _c4142
_d4142